Imágenes de Lenin
Enregistré dans:
| Auteur principal: | |
|---|---|
| Format: | Livre |
| Langue: | espagnol |
| Publié: |
Ciudad de México
Era
1970
|
| Édition: | 1a. ed |
| Collection: | Serie Popular Era, 8
|
| Sujets: | |
| Tags: |
Ajouter un tag
Pas de tags, Soyez le premier à ajouter un tag!
|
MARC
| LEADER | 00000nam a2200000 a 4500 | ||
|---|---|---|---|
| 001 | UCG2104 | ||
| 003 | CL-VaPUC | ||
| 008 | 100610e19700000MX |||||||||||||||||spa|d | ||
| 082 | 0 | 4 | |a 320.532 |b TRO |2 21 |
| 100 | 0 | |a Trotsky, León |e author |9 550412 | |
| 245 | 1 | 0 | |a Imágenes de Lenin |
| 250 | |a 1a. ed | ||
| 300 | |a 148 p | ||
| 942 | |c BK | ||
| 945 | |d 20100610 00:00:00 |a dcastane | ||
| 260 | |a Ciudad de México |b Era |c 1970 | ||
| 600 | 0 | |a Lenin, Vladimir Ilich |d 1870-1924 |9 319799 | |
| 650 | 0 | |a Ideologías |9 255200 | |
| 650 | 7 | |a MARXISMO |2 CL-VaPUC |9 550413 | |
| 650 | 0 | |a Doctrinas políticas |9 255835 | |
| 650 | 7 | |a SISTEMAS POLITICOS |2 CL-VaPUC |9 550414 | |
| 650 | 0 | |a Socialismo |9 255260 | |
| 650 | 7 | |a REVOLUCIONES POLITICAS |2 CL-VaPUC |9 550415 | |
| 583 | |a last modification |c 20100610 00:00:00 |k Rodrigo Vera | ||
| 490 | 0 | |a Serie Popular Era, 8 | |
| 999 | |c 341341 |d 341339 | ||
| 952 | |0 0 |1 0 |4 0 |6 320_532000000000000_TRO_1970 |7 0 |8 P |9 436746 |a BIBDER |b BIBDER |d 2019-11-22 |i 4684451 |o 320.532 TRO 1970 |p 4684451 |r 2023-01-25 |w 2019-11-22 |y BK |k DER | ||